ATB OF ENVIRONMENTAL SCIENCE (Record no. 33256)

000 -LEADER
fixed length control field 00316nam a2200133Ia 4500
008 - FIXED-LENGTH DATA ELEMENTS--GENERAL INFORMATION
fixed length control field 210215s9999 xx 000 0 und d
020 ## - INTERNATIONAL STANDARD BOOK NUMBER
International Standard Book Number 9789388756471
082 ## - DEWEY DECIMAL CLASSIFICATION NUMBER
Classification number 615.5
Item number KAT-A
100 ## - MAIN ENTRY--PERSONAL NAME
Personal name KATUAL MANOJ
245 #0 - TITLE STATEMENT
Title ATB OF ENVIRONMENTAL SCIENCE
260 ## - PUBLICATION, DISTRIBUTION, ETC.
Name of publisher, distributor, etc. R .NARAIN PRAKASHAN
300 ## - PHYSICAL DESCRIPTION
Extent 160
942 ## - ADDED ENTRY ELEMENTS (KOHA)
Koha item type Book
Holdings
Withdrawn status Lost status Damaged status Not for loan Collection code Permanent Location Current Location Shelving location Date acquired Cost, normal purchase price Full call number Barcode Date last seen Price effective from Koha item type Total Checkouts Date last checked out
          Central Library, MUIT, Lucknow Central Library, MUIT, Lucknow   2021-02-15 150.00 615.5 KAT-A SOPH1234 2021-02-15 2021-02-15 Book    
          Maharishi School of Pharmaceutical Science (Lucknow) Maharishi School of Pharmaceutical Science (Lucknow) R14S4 2021-02-15 150.00 363.7 KAT-A SOPH1233 2021-02-15 2021-02-15 Book    
          Maharishi School of Pharmaceutical Science (Lucknow) Maharishi School of Pharmaceutical Science (Lucknow) R14S4 2021-02-15 150.00 363.7 KAT-A SOPH1235 2022-03-05 2021-02-15 Book 3 2022-02-21
          Maharishi School of Pharmaceutical Science (Lucknow) Maharishi School of Pharmaceutical Science (Lucknow) R14S4 2021-02-15 150.00 363.7 KAT-A SOPH1236 2022-05-27 2021-02-15 Book 2 2022-05-25
          Maharishi School of Pharmaceutical Science (Lucknow) Maharishi School of Pharmaceutical Science (Lucknow) R2S4 2021-02-15 150.00 615.5 SOPH1237 2021-02-15 2021-02-15 Reference Book    

All Rights Reserved@MUIT

Powered by Koha